Poverty alleviation in India : (Record no. 104821)

MARC details
000 -LEADER
fixed length control field 00659nam a22002057a 4500
005 - DATE AND TIME OF LATEST TRANSACTION
control field 20161129123223.0
010 ## - LCCN (DPL NO)
LC control number ENG-116696
020 ## - INTERNATIONAL STANDARD BOOK NUMBER
International Standard Book Number 9788184845761
Terms of availability 1680.00
035 ## - SYSTEM CONTROL NUMBER
System control number EN-100228
037 ## - SOURCE OF ACQUISITION
Source of stock number/acquisition DBAD/PUB
082 ## - DEWEY DECIMAL CLASSIFICATION NUMBER
Classification number 339.460954
245 ## - TITLE STATEMENT
Title Poverty alleviation in India :
Statement of responsibility, etc edited by Johan Felix Raj...[et...al]
Remainder of title the unfinished task and the road ahead /
260 ## - PUBLICATION, DISTRIBUTION, ETC. (IMPRINT)
Place of publication, distribution, etc New Delhi
Name of publisher, distributor, etc Regal Publications
Date of publication, distribution, etc 2016
270 ## - ADDRESS
Address F-159 Rajouri Garden
City New Delhi
Postal code 110027
300 ## - PHYSICAL DESCRIPTION
Extent xv,391p.
Dimensions 23cm(Hb)
500 ## - GENERAL NOTE
General note Includes index
700 ## - ADDED ENTRY--PERSONAL NAME
Personal name P. Anbalagan
700 ## - ADDED ENTRY--PERSONAL NAME
Personal name Rakesh Kumar Singh
942 ## - ADDED ENTRY ELEMENTS (KOHA)
Source of classification or shelving scheme Dewey Decimal Classification
Item type English Books
Classification part 339.460954
Call number suffix POV
Holdings
Withdrawn status Lost status Not for loan Collection code Home library Current library Date acquired Source of acquisition Cost, normal purchase price Full call number Barcode Copy number Cost, replacement price Koha item type
    Not For Loan Non-fiction D.B.Act.Division Bawana 29/11/2016 DBAD/PUB 1680.00 339.460954 ANB EN-100228 1 1680.00 English Books

© Delhi Public Library
Hit Counter
free hit counter